000 00202nam a2200097Ia 4500
100 _aSudaha Murthy
250 _a2007 Ed.
942 _cBK
245 _aMahashweta
260 _aPenguin books ltd.New Delhi
999 _c424168
_d424168